000 00480nam a2200181Ia 4500
001 1804
005 20260306143755.0
008 260306t2018||||xx |||||||||||||| ||spa||
041 _aESP
082 _a155.418
_bC266
100 _aCoppari, Norma,
_eAUT
245 0 _aTecnoestrés, entre lo deífico y lo demónico :
_blas TICs y su impacto en los jóvenes
260 _c2018
300 _a195 páginas :
_c21 cm.
650 _aGEN
654 _aCPS
942 _cLIB
_dJUS
_fJUS
_2ddc
_n
999 _c1804
_d1804